[Event "Florianopolis op 10th"]
[Site "Florianopolis"]
[Date "2024.01.25"]
[Round "7"]
[White "Felix, Joao Eduardo Orland"]
[Black "Soares, Joao Carlos TC"]
[Result "0-1"]
[WhiteElo "1703"]
[BlackElo "1983"]
[PlyCount "150"]
[EventDate "2024.01.20"]
[EventType "swiss"]
[EventRounds "10"]
[EventCountry "BRA"]
[SourceTitle "CBM 218 Extra"]
[Source "ChessBase"]
[SourceDate "2024.03.31"]
[SourceVersion "1"]
[SourceVersionDate "2024.03.31"]
[SourceQuality "1"]

1. e4 c5 2. Nf3 e6 3. d3 d5 4. Nbd2 Nc6 5. g3 Nf6 6. Bg2 Be7 7. 0-0 0-0 8. Re1 Qc7 9. h3 b5 10. Nf1 d4 11. N1h2 a5 12. Ng4 e5 13. Nfh2 Nxg4 14. Nxg4 Be6 15. f4 f6 16. f5 Bf7 17. Nf2 Rfc8 18. g4 c4 19. h4 cxd3 20. cxd3 Nb4 21. Bd2 Qc2 22. Bxb4 Bxb4 23. Re2 Qxd1+ 24. Nxd1 Bxa2 25. Rxa2 Rc1 26. Bf1 Rxd1 27. Rc2 Rd2 28. Rc7 Bc3 29. Rc5 Rb8 30. g5 Rxb2 31. Rxb2 Bxb2 32. Be2 Ba3 33. Rd5 a4 34. Bd1 Rc8 35. Kf2 Rc5 36. Rd8+ Kf7 37. Rd7+ Kf8 38. gxf6 gxf6 39. Rxh7 Rc1 40. Ke2 Be7 41. Rh8+ Kg7 42. Rb8 a3 43. Bb3 a2 44. Bxa2 Rc2+ 45. Kf3 Rxa2 46. Rxb5 Ra3 47. Ke2 Kh6 48. Rb7 Bf8 49. Rb8 Bg7 50. Rb1 Ra2+ 51. Kf3 Rd2 52. Rb3 Kh5 53. Kg3 Re2 54. Rb7 Re3+ 55. Kg2 Kh6 56. Rb3 Bf8 57. Rb8 Bg7 58. Rb3 Re2+ 59. Kg3 Rc2 60. Rb1 Kh5 61. Rb7 Kh6 62. Rb1 Rc3 63. Rd1 Kh5 64. Rd2 Bh6 65. Rd1 Bf4+ 66. Kf3 Rc1 67. Rxc1 Bxc1 68. Kg3 Bd2 69. Kh3 Be1 70. Kg2 Bxh4 71. Kf3 Kg5 72. Ke2 Kf4 73. Kd2 Kf3 74. Kd1 Ke3 75. Kc2 Ke2 0-1

[Event "Florianopolis op-B"]
[Site "Florianopolis"]
[Date "2023.09.23"]
[Round "3"]
[White "Felix, Joao Eduardo Orland"]
[Black "Machado, Luiz Fernando"]
[Result "1/2-1/2"]
[WhiteElo "1709"]
[BlackElo "1718"]
[PlyCount "82"]
[EventDate "2023.09.22"]
[EventType "swiss"]
[EventRounds "6"]
[EventCountry "BRA"]
[SourceTitle "CBM 216 Extra"]
[Source "ChessBase"]
[SourceDate "2023.11.30"]
[SourceVersion "1"]
[SourceVersionDate "2023.11.30"]
[SourceQuality "1"]

1. Nf3 c5 2. g3 g6 3. Bg2 Bg7 4. 0-0 e5 5. d3 Nc6 6. e4 Nge7 7. Nc3 d6 8. Ne1 0-0 9. f4 f5 10. Nf3 Be6 11. Qe1 Nd4 12. Nxd4 cxd4 13. Nb5 a6 14. Na3 Rc8 15. exf5 Bd5 16. Bxd5+ Nxd5 17. fxe5 dxe5 18. fxg6 hxg6 19. Rxf8+ Qxf8 20. Bd2 Qc5 21. Qe4 Rc6 22. Rf1 b5 23. Kh1 Rf6 24. Rxf6 Nxf6 25. Qxg6 Qd5+ 26. Kg1 Qf3 27. Bh6 Qd1+ 28. Kg2 Nh5 29. Qe6+ Kh7 30. Bxg7 Qe2+ 31. Kg1 Qe1+ 32. Kg2 Qe2+ 33. Kh3 Nf4+ 34. gxf4 Qf3+ 35. Kh4 Qf2+ 36. Kh5 Qxh2+ 37. Kg4 Qxf4+ 38. Kh3 Qf3+ 39. Kh2 Qf2+ 40. Kh3 Qf3+ 41. Kh4 Qf4+ 1/2-1/2

[Event "Florianopolis Spring op 2nd"]
[Site "Florianopolis"]
[Date "2022.10.23"]
[Round "6"]
[White "Felix, Joao Eduardo Orland"]
[Black "Cordeiro, Marco Aurelio Zaror"]
[Result "1/2-1/2"]
[WhiteElo "1638"]
[BlackElo "2118"]
[PlyCount "107"]
[EventDate "2022.10.21"]
[EventType "swiss"]
[EventRounds "6"]
[EventCountry "BRA"]
[SourceTitle "EXT 2024"]
[Source "ChessBase"]
[SourceDate "2023.10.10"]
[SourceVersion "1"]
[SourceVersionDate "2023.10.10"]
[SourceQuality "1"]

1. e4 Nf6 2. e5 Nd5 3. d4 d6 4. c4 Nb6 5. exd6 cxd6 6. Nc3 g6 7. Be3 Bg7 8. Rc1 0-0 9. b3 e5 10. dxe5 dxe5 11. Qxd8 Rxd8 12. c5 N6d7 13. Bc4 Nc6 14. Nf3 Nf8 15. Ng5 Be6 16. Nxe6 Nxe6 17. Bxe6 fxe6 18. 0-0 Rac8 19. Ne4 Bf8 20. Rc4 Be7 21. Rfc1 Kf7 22. Kf1 a6 23. Ke1 Rd7 24. Rd1 Rd5 25. Nc3 Rxd1+ 26. Nxd1 Ke8 27. f3 Nd4 28. Bxd4 exd4 29. Rxd4 Rxc5 30. Ke2 Bf6 31. Rc4 Rg5 32. Ne3 Kd7 33. g4 b5 34. Rc2 Be7 35. f4 Rc5 36. Rxc5 Bxc5 37. Nf1 Kd6 38. Nd2 Kd5 39. Kd3 Bd6 40. Ke3 g5 41. fxg5 Bxh2 42. Ne4 Ke5 43. Kf3 Bf4 44. Nc5 Bxg5 45. Nxa6 Be7 46. Nc7 b4 47. Nb5 Bc5 48. Nc7 Bb6 49. Nb5 Kd5 50. Kf4 e5+ 51. Kf3 Bc5 52. Nc7+ Kd4 53. Ne6+ Kd5 54. Nc7+ 1/2-1/2

[Event "Florianopolis Winter op 6th"]
[Site "Florianopolis"]
[Date "2022.07.13"]
[Round "1"]
[White "Piccoli, Lucas Fonseca"]
[Black "Felix, Joao Eduardo Orland"]
[Result "1-0"]
[WhiteElo "2155"]
[BlackElo "1626"]
[PlyCount "57"]
[EventDate "2022.07.13"]
[EventType "swiss"]
[EventRounds "9"]
[EventCountry "BRA"]
[SourceTitle "CBM 209 Extra"]
[Source "ChessBase"]
[SourceDate "2022.09.30"]
[SourceVersion "1"]
[SourceVersionDate "2022.09.30"]
[SourceQuality "1"]

1. e4 c5 2. Nf3 e6 3. d4 cxd4 4. Nxd4 Nf6 5. Nc3 Bb4 6. e5 Ne4 7. Qg4 Nxc3 8. Qxg7 Rf8 9. a3 Nb5+ 10. axb4 Nxd4 11. Bg5 Nxc2+ 12. Kd1 Qb6 13. Bh6 Qxb4 14. Ra4 Ne3+ 15. Ke2 Nf5 16. Rxb4 Nxg7 17. Bxg7 Rg8 18. Bf6 Nc6 19. Rh4 a5 20. Kd2 Nb4 21. Rxh7 Nd5 22. Be2 Nxf6 23. exf6 Rb8 24. Rc1 Rf8 25. Rc5 b5 26. Rch5 Rg8 27. Rg5 Rf8 28. Bh5 d5 29. Rxf7 1-0

[Event "Timbo op 2nd"]
[Site "Timbo"]
[Date "2022.02.18"]
[Round "2"]
[White "Felix, Joao Eduardo Orland"]
[Black "Peroza, Eduardo Antunes"]
[Result "0-1"]
[WhiteElo "1546"]
[BlackElo "2009"]
[PlyCount "96"]
[EventDate "2022.02.17"]
[EventType "swiss"]
[EventRounds "7"]
[EventCountry "BRA"]
[SourceTitle "EXT 2023"]
[Source "ChessBase"]
[SourceDate "2022.10.05"]
[SourceVersion "1"]
[SourceVersionDate "2022.10.05"]
[SourceQuality "1"]

1. Nf3 Nf6 2. g3 b6 3. Bg2 Bb7 4. 0-0 e6 5. c4 Be7 6. b3 0-0 7. Bb2 c5 8. d4 cxd4 9. Nxd4 Bxg2 10. Kxg2 d5 11. cxd5 Qxd5+ 12. Kg1 Rd8 13. Nd2 Na6 14. N4f3 Ne4 15. Nc4 Qf5 16. Qb1 Bc5 17. Bc1 Nc3 18. Qxf5 Nxe2+ 19. Kg2 exf5 20. Bb2 Nd4 21. Bxd4 Bxd4 22. Nxd4 Rxd4 23. Rad1 Rad8 24. Rxd4 Rxd4 25. Kf3 f6 26. Ne3 g6 27. Rc1 Nc5 28. Rc2 Kf7 29. Nc4 Ke6 30. b4 Nd3 31. Ke3 Nxb4 32. Kxd4 Nxc2+ 33. Kc3 Kd5 34. Nxb6+ axb6 35. Kxc2 Ke4 36. Kc3 Kf3 37. Kc4 Kxf2 38. Kb5 g5 39. a4 f4 40. Kxb6 f3 41. a5 Kg1 42. a6 f2 43. a7 f1Q 44. a8Q Qf2+ 45. Kc7 Kxh2 46. Qh8 Qxg3+ 47. Kd7 Qf3 48. Kd6 h5 0-1

[Event "Santa Catarina-ch 64th "]
[Site "Lages"]
[Date "2020.02.16"]
[Round "6"]
[White "Felix, Joao Eduardo Orland"]
[Black "Da Silva Junior, Marco Aurelio"]
[Result "1/2-1/2"]
[WhiteElo "1508"]
[BlackElo "1707"]
[PlyCount "28"]
[EventDate "2020.02.14"]
[EventType "swiss"]
[EventRounds "6"]
[EventCountry "BRA"]
[SourceTitle "CBM 195 Extra"]
[Source "ChessBase"]
[SourceDate "2020.05.31"]
[SourceVersion "1"]
[SourceVersionDate "2020.05.31"]
[SourceQuality "1"]

1. e4 d6 2. d4 Nf6 3. Nc3 g6 4. f4 c6 5. Nf3 Bg4 6. Be2 Bxf3 7. Bxf3 Nbd7 8. 0-0 Bg7 9. e5 dxe5 10. fxe5 Ng8 11. Re1 e6 12. Ne4 Ne7 13. Nd6+ Kf8 14. Kh1 Qc7 1/2-1/2

[Event "BRA-ch U14"]
[Site "Florianopolis"]
[Date "2018.04.28"]
[Round "2"]
[White "Fukuyoshi, Thiago"]
[Black "Felix, Joao Eduardo Orland"]
[Result "0-1"]
[WhiteElo "1800"]
[BlackElo "1409"]
[PlyCount "80"]
[EventDate "2018.04.28"]
[EventType "swiss"]
[EventRounds "6"]
[EventCountry "BRA"]
[SourceTitle "EXT 2021"]
[Source "ChessBase"]
[SourceDate "2020.10.23"]
[SourceVersion "1"]
[SourceVersionDate "2020.10.23"]
[SourceQuality "1"]

1. e4 c5 2. Nf3 e6 3. c4 Nc6 4. a3 Qc7 5. Be2 Nf6 6. d3 Be7 7. Nc3 a6 8. Be3 d6 9. Bf4 b6 10. a4 Bb7 11. Be3 Rd8 12. Qc2 Nb4 13. Qb3 d5 14. exd5 exd5 15. cxd5 Nfxd5 16. Nxd5 Bxd5 17. Qc3 Bf6 18. d4 Bxf3 19. Bxf3 Qd6 20. 0-0 cxd4 21. Bxd4 Bxd4 22. Rfe1+ Kf8 23. Qd2 Nd3 24. Rf1 Nxf2 25. Qe2 Ng4+ 26. Rf2 Nxf2 27. g3 Ng4+ 28. Kg2 Ne3+ 29. Kg1 Nc2+ 30. Kf1 Nxa1 31. Qxa6 Bc5 32. Qe2 Qd2 33. Bg4 Qxe2+ 34. Bxe2 Ke7 35. Bf3 Rd2 36. Be2 Rhd8 37. Ke1 R8d6 38. g4 Bb4 39. h3 Rf6 40. g5 Nc2# 0-1

[Event "Santa Catarina-chT"]
[Site "Piratuba"]
[Date "2018.04.14"]
[Round "2.2"]
[White "Felix, Joao Eduardo Orland"]
[Black "Przygoda, Karin"]
[Result "1-0"]
[WhiteElo "1409"]
[BlackElo "1627"]
[PlyCount "83"]
[EventDate "2018.04.13"]
[EventType "team-swiss"]
[EventRounds "5"]
[EventCountry "BRA"]
[SourceTitle "CBM 184 Extra"]
[Source "ChessBase"]
[SourceDate "2018.06.28"]
[SourceVersion "1"]
[SourceVersionDate "2018.06.28"]
[SourceQuality "1"]
[WhiteTeam "Lebon Regis"]
[BlackTeam "Blumenau II"]
[WhiteTeamCountry "BRA"]
[BlackTeamCountry "BRA"]

1. e4 e5 2. Nf3 Nc6 3. Bb5 Bc5 4. 0-0 d6 5. c3 Bd7 6. d4 exd4 7. cxd4 Bb6 8. Nc3 Nge7 9. a3 0-0 10. b4 a6 11. Bc4 Bg4 12. Be3 Kh8 13. Be2 d5 14. exd5 Nxd5 15. Nxd5 Qxd5 16. h3 Bh5 17. Rc1 Ne7 18. Bf4 c6 19. Re1 Rfe8 20. Bc4 Bxf3 21. Bxd5 Bxd1 22. Bxf7 Ba4 23. Bxe8 Rxe8 24. Bd6 Bd8 25. Re3 Kg8 26. Rce1 Kf7 27. Rf3+ Kg8 28. g4 Bc2 29. Rc3 Bg6 30. Rce3 Kf7 31. Re6 Bd3 32. R6e5 Bc4 33. f4 Bd5 34. h4 Kf6 35. g5+ Kf7 36. f5 Bc4 37. h5 h6 38. g6+ Kf6 39. Kg2 Bd5+ 40. Kh3 Bb3 41. Kg4 Bc4 42. Re6+ 1-0